Membros do BTS - Statistics

Estatísticas Gerais
  • Esse quiz foi jogado 206 vezes
  • A pontuação média é 7 de 7
Estatísticas das Respostas
Resposta % Correto
Jimin
99%
Jungkook
98%
Jin
95%
Suga
95%
J-Hope
94%
V
94%
RM
90%
Nenhum quiz correspondente encontrado
Distribuição das Pontuações
Porcentagem de Pessoas com Cada Pontuação
Percentil de Números Respondidos
Sua Pontuação Histórica
Você não jogou esse quiz